00702nam a22002057a 4500999001900000005001700019010001300036020002600049035001300075037001300088082001100101100001900112245004900131260003800180270004300218300003000261500002000291942002500311952016000336 c172326d17232620200131171441.0 aB-731183 a9788125036845c385.00 aB-731183 bDBAD/Pub a954.09 aChandra, Bipan aHistory of modern India /cby Bipan Chandra  aNew DelhibOrient Blackswanc2016 a1824, Asaf Ali RoadbNew Delhie110002 aviii, 351p. c22cm (pbk)  aIncludes index  2ddccENmCHAh954.09 001040708NFICaMPbMPd2020-01-31eGift/ Eng./13.11.2019g385.00l4m4o954.09 CHApB-731183r2023-05-10 00:00:00s2023-04-24t1v385.00w2020-01-31yEN